00760cam a2200217 a 4500003000400000005001700004008004100021017004600062020001800108040001400126100003000140245013200170250003200302260002600334300002500360490003400385504002800419650002800447650003600475650003100511OSt20230404120841.0131202s2013 spcad|| |||| 000 0 spa|d aDL B. 24134-2013bBiblioteca de Catalunya a9788490297766 bcatcCDMR1 aDomínguez Martín, Eva10aPeriodismo inmersivo b: la influencia de la realidad virtual y del videojuego en los contenidos informativos cEva Domínguez a1a ed. en lengua castellana aBarcelona bUOCc2013 a317 p. bil. c24 cm0 aUOCpress. Comunicación v31 aBibliografia p. 303-317 7aRealitat virtual2lemac 7aMultimèdia interactius2lemac 0aPeriodisme immersiu2lemac